000 01813nam a22001577a 4500
041 _aukr
080 _a09
090 _bМАН
100 _aМанячук Ю.В.
245 _aКатегорія ввічливості в аспекті міжкультурної комунікації
260 _aОстрог
_bКАФ
_c2010
300 _a60
520 _aВСТУП РОЗДІЛ 1 КАТЕГОРІЯ ВВІЧЛИВОСТІ ЯК ОСНОВА МОВЛЕННЄВОГО ЕТИКЕТУ. 1.1 Поняття, функції, соціальна сторона та національна специфіка мовленнєвого етикету. 1.2 Категорія ввічливості в міжнаціональній комунікації. Позитивна та негативна ввічливість. РОЗДІЛ 2 ВІДОБРАЖЕННЯ КАТЕГОРІЇ ВВІЧЛИВОСТІ В УКРАЇНСЬКИХ ТА АНГЛІЙСЬКИХ МОВЛЕННЄВИХ АКТАХ 2.1 Лексико-синтаксичні засоби вираження знайомства, звертання та привітання в українському та англійському мовленнєвих етикетах. 2.2 Лексико-синтаксичні засоби вираження подяки, прохання та вибачення в українському та англійськомй мовленнєвих етикетах. 2.3 Лексико-синтаксичні засоби прощання, побажання та запрошення в українському та англійськомй мовленнєвих етикетах. ВИСНОВКИ
_0категорія ввічливості,мовленнєві акти
650 _aResearch Papers
999 _c284272
_d284272
942 _cBK